00432 2200181 4500001002100000005001500021008004100036020002200077035001900099041000700118082001400125090001600139100001700155245002000172260002300192300001700215650001800232INLIS00000000000534720241224113101241224||||||||| | ||| |||| || |  a978-979-063-008-6 0010-1224005347 aid0 a741:03:00 a741.3 SAK K0 aSAKTI WIBOWO00aKIMA SANG MANJA bBestari Kidsc2008 a31 HLM,;23CM 0aILMU KESENIAN